Soziale Strukturen in Böhmen. - Wien : Verl. für Geschichte und Politik [u.a.]. - 2002 [Rezension]

Titel: Soziale Strukturen in Böhmen. - Wien : Verl. für Geschichte und Politik [u.a.]. - 2002 [Rezension]
Verfasser:
In: Jahrbuch für Regionalgeschichte, Band 23 (2005), Seite 172-173
alle Artikel anzeigen
Veröffentlicht: 2005
Format: Aufsatz
Sprache: Deutsch
Kein Bild verfügbar
X
alg: 39477257
001A    $01999:12-11-16 
001B    $01999:03-08-21 $t21:01:53.000 
001D    $01999:12-11-16 
001U    $0utf8 
001X    $00 
002@    $0Aox 
003@    $0394772571 
007A    $0394772571 $aHEB 
007T    $0Herdc0012763m 
010@    $ager 
011@    $a2005 
021A    $aSoziale Strukturen in Böhmen. - Wien : Verl. für Geschichte und Politik {[u.a.]. -  2002 [Rezension] 
028A    $aBräuer $dHelmut 
031A    $d23 $h172-173 $j2005 
039B    $aIn $8--Abvc--. Jahrbuch für Regionalgeschichte. - Stuttgart : Steiner, 1965-. - ISSN 1860-8248 $x200500000230000828 $9046840451 
039T    $8--Aau--. Soziale Strukturen in Böhmen. - Wien : Verl. für Geschichte und Politik {[u.a.], 2002. - 316 S.. - Kt.. - ISBN 3-486-56657-1 $9104599081 
045F    $a900.94371 $eDDC23BSB 
045F/01 $a900 
045F/03 $g4371 
045T    $a8,1 

lok: 39477257 78

exp: 39477257 78 1 #EPN
201B/01 $026-11-17 $t03:48:13.000 
201U/01 $0utf8 
203@/01 $0791071189 
208@/01 $a12-11-16 $be 
209A/01 $a/ $f000 $x00 
220C/01 $aTitelaufnehmer: nk;sk 
244Z/01 $#Tschechien $#Tschechische Republik $#Tschechische Republik $#Tschechenland $#Tschechei Tschechien $#Česká Republika $#Czech Republic $#ČR $74303381-7 $8--Tg1--Tschechien $x01 $9086659812 
244Z/01 $2Trx $#Böhmen $#Bohemia $#Czechy $8--Trx--Čechy $x02 $9391188941 
244Z/01 $2Trx $#arvustused $#recenzijos $#Reviews $#recenziók $#recenzje $#recenzie $#recenze $8--Trx--Rezensionen $x03 $9391357441 
247C/01 $82080>Marburg/Lahn, Herder-Institut, Forschungsbibliothek, Bibliographieportal $9336309341
LEADER 00000caa a22000002c 4500
001 394772571
003 DE-603
005 20210803210153.0
007 tu
008 161112s2005 xx |||| | u00||u|ger c
035 |a (DE-599)HEB394772571 
040 |a DE-603  |b ger  |c DE-603  |d DE-603 
041 |a ger 
082 0 4 |8 1\u  |a 900.94371  |q DE-101  |2 23/BSB 
084 |a 8,1  |2 ssgn 
085 |8 1\u  |b 900 
085 |8 1\u  |z 2  |s 4371 
100 1 |a Bräuer, Helmut 
245 0 0 |a Soziale Strukturen in Böhmen. - Wien : Verl. für Geschichte und Politik ˜[u.a.]. œ- 2002 [Rezension] 
264 0 |c 2005 
773 0 8 |i In  |t Jahrbuch für Regionalgeschichte  |d Stuttgart : Steiner, 1965-  |x 1860-8248  |g Band 23 (2005), Seite 172-173  |w (DE-603)046840451  |w (DE-600)2629-3 
787 0 8 |i Rezension von  |t Soziale Strukturen in Böhmen  |d Wien : Verl. für Geschichte und Politik ˜[u.a.], œ2002  |h 316 S., Kt.  |z 3486566571  |z 3702803920  |w (DE-603)104599081 
924 0 |9 2080  |a (DE-603)791071189  |b DE-2080  |c HES  |d d  |g /